[Event "Gran Canaria Galdos op 3rd"]
[Site "Gran Canaria"]
[Date "2018.04.25"]
[Round "4"]
[White "Menvielle Laccourreye, Augusto"]
[Black "Cruz Pino, Adrian"]
[Result "0-1"]
[WhiteElo "2122"]
[BlackElo "2148"]
[PlyCount "102"]
[EventDate "2018.04.18"]
[EventType "swiss"]
[EventRounds "5"]
[EventCountry "ESP"]
[SourceTitle "EXT 2024"]
[Source "ChessBase"]
[SourceDate "2023.10.10"]
[SourceVersion "1"]
[SourceVersionDate "2023.10.10"]
[SourceQuality "1"]

1. e4 e6 2. d4 d5 3. Nc3 Bb4 4. e5 Ne7 5. Bd2 Nf5 6. Bd3 Nc6 7. Nf3 0-0 8. Ne2 Be7 9. c3 f6 10. exf6 Bxf6 11. Qc2 g6 12. Ng3 Qe7 13. 0-0-0 Bd7 14. Rde1 Nh4 15. Nxh4 Bxh4 16. f4 Qg7 17. Re2 Ne7 18. Nf1 b6 19. Be3 Nf5 20. Nd2 Nxe3 21. Rxe3 Be7 22. Rg3 Kh8 23. Nf3 Rxf4 24. Ne5 Be8 25. Qd2 Qf8 26. Rh3 Bg5 27. Kb1 Rf1+ 28. Rxf1 Qxf1+ 29. Bxf1 Bxd2 30. Nf3 Be3 31. Bd3 Kg7 32. Ne5 Bf4 33. Ng4 c5 34. Rf3 Bg5 35. g3 a5 36. Ne5 Bf6 37. h4 Rc8 38. Re3 Rc7 39. Nf3 Bf7 40. Re2 Rc8 41. Rg2 Rh8 42. Kc1 Rf8 43. Kd1 Be8 44. Re2 Bd7 45. Ne5 Bxe5 46. Rxe5 Kf6 47. Re2 Rg8 48. Rf2+ Ke7 49. g4 h5 50. Rf4 hxg4 51. Rxg4 g5 0-1

[Event "Gran Canaria Galdos op 3rd"]
[Site "Gran Canaria"]
[Date "2018.04.18"]
[Round "1"]
[White "Gaggero, Flavio"]
[Black "Menvielle Laccourreye, Augusto"]
[Result "0-1"]
[WhiteElo "1524"]
[BlackElo "2122"]
[PlyCount "114"]
[EventDate "2018.04.18"]
[EventType "swiss"]
[EventRounds "5"]
[EventCountry "ESP"]
[SourceTitle "EXT 2024"]
[Source "ChessBase"]
[SourceDate "2023.10.10"]
[SourceVersion "1"]
[SourceVersionDate "2023.10.10"]
[SourceQuality "1"]

1. d4 f5 2. c4 Nf6 3. Nc3 g6 4. Bg5 Bg7 5. Nf3 d6 6. g3 c6 7. Bg2 Ne4 8. Be3 Qa5 9. Qa4 Qxa4 10. Nxa4 Be6 11. b3 Nd7 12. Rc1 0-0 13. 0-0 Bf7 14. Nb2 g5 15. Rfd1 h6 16. Nd2 Nef6 17. f3 e5 18. Bf2 Rfe8 19. e4 fxe4 20. Nxe4 Nxe4 21. fxe4 Nf6 22. d5 c5 23. Na4 Ng4 24. Rf1 Nxf2 25. Rxf2 Bg6 26. g4 Rf8 27. Rcf1 Rf4 28. h3 Raf8 29. Nc3 a6 30. Ne2 b5 31. Ng3 bxc4 32. bxc4 Rb8 33. Nf5 Bxf5 34. gxf5 h5 35. Rc2 g4 36. hxg4 hxg4 37. Kh2 Kf7 38. Kg3 Bh6 39. Rxf4 exf4+ 40. Kxg4 Kf6 41. Kf3 Ke5 42. Bf1 Rg8 43. Rg2 Bg5 44. Be2 a5 45. a4 Kf6 46. Rg1 Rb8 47. Ra1 Rb3+ 48. Kg2 Ke5 49. Bf3 Rb4 50. Kh3 Rxc4 51. Kg4 Bf6 52. Bh1 Rc3 53. Bf3 c4 54. Rb1 Ra3 55. Rb8 c3 56. Re8+ Kd4 57. Kxf4 c2 0-1

[Event "Gran Canaria Cabildo op"]
[Site "Gran Canaria"]
[Date "2018.04.10"]
[Round "7"]
[White "Menvielle Laccourreye, Augusto"]
[Black "Perez Guerra, Raul"]
[Result "0-1"]
[WhiteElo "2121"]
[BlackElo "1829"]
[PlyCount "104"]
[EventDate "2018.03.06"]
[EventType "swiss"]
[EventRounds "7"]
[EventCountry "ESP"]
[SourceTitle "CBM 183 Extra"]
[Source "ChessBase"]
[SourceDate "2018.04.19"]
[SourceVersion "1"]
[SourceVersionDate "2018.04.19"]
[SourceQuality "1"]

1. e4 e6 2. d3 d5 3. Nd2 Nf6 4. Ngf3 b6 5. e5 Nfd7 6. g3 c5 7. Bg2 Qc7 8. 0-0 Be7 9. Re1 0-0 10. Qe2 Nc6 11. h4 Kh8 12. Nf1 f6 13. exf6 Nxf6 14. Bf4 Bd6 15. Bxd6 Qxd6 16. Ne5 Nd4 17. Qd1 Nd7 18. f4 Nxe5 19. fxe5 Qe7 20. Ne3 Bb7 21. c3 Nf5 22. Nxf5 Rxf5 23. Bh3 Rf7 24. Qg4 Re8 25. Rf1 Rxf1+ 26. Rxf1 Bc8 27. Qa4 Kg8 28. Qc6 Qd7 29. Qxd7 Bxd7 30. Kf2 Rf8+ 31. Ke3 Rxf1 32. Bxf1 Kf7 33. d4 c4 34. b3 b5 35. Kd2 Ke7 36. Kc1 Kd8 37. g4 h6 38. Kb2 Kc7 39. a4 Kb6 40. axb5 Bxb5 41. bxc4 Bxc4 42. Bh3 g5 43. hxg5 hxg5 44. Ka3 Ka5 45. Bg2 Be2 46. c4 Bxc4 47. Bf3 Kb5 48. Bd1 Bf1 49. Kb3 a5 50. Kc3 a4 51. Bf3 a3 52. Kb3 a2 0-1

[Event "Gran Canaria Cabildo op"]
[Site "Gran Canaria"]
[Date "2018.03.16"]
[Round "4"]
[White "Sanabria Taskila, Jenny Maria"]
[Black "Menvielle Laccourreye, Augusto"]
[Result "0-1"]
[WhiteElo "1683"]
[BlackElo "2121"]
[PlyCount "116"]
[EventDate "2018.03.06"]
[EventType "swiss"]
[EventRounds "7"]
[EventCountry "ESP"]
[SourceTitle "CBM 183 Extra"]
[Source "ChessBase"]
[SourceDate "2018.04.19"]
[SourceVersion "1"]
[SourceVersionDate "2018.04.19"]
[SourceQuality "1"]

1. e4 e6 2. d4 d5 3. e5 c5 4. c3 Nc6 5. Nf3 Qb6 6. Na3 Bd7 7. Be2 Rc8 8. 0-0 cxd4 9. cxd4 Nge7 10. Nc2 Nf5 11. g4 Nfe7 12. Bd3 h5 13. h3 Nd8 14. a4 Nec6 15. Bd2 Na5 16. Bc3 Nb3 17. Ra2 hxg4 18. hxg4 Nc6 19. Qe1 Rh3 20. a5 Qd8 21. Kg2 Rh8 22. a6 b6 23. Rh1 Rxh1 24. Qxh1 Qe7 25. Ra3 Nba5 26. b4 Nc4 27. Bxc4 dxc4 28. b5 Nb8 29. Bb4 Qxb4 30. Nxb4 Bxb4 31. Ra1 c3 32. Ne1 Bxb5 33. Nc2 Bf8 34. Kg3 Bc6 35. f3 b5 36. Qb1 Bd7 37. Ra5 b4 38. Qb3 Rc6 39. Ra4 Nxa6 40. Ra1 Rb6 41. Ne3 Bb5 42. Nc4 Rc6 43. Na5 Rc7 44. Qc2 Nb8 45. Nb3 Nc6 46. Kf4 a5 47. Ke3 a4 48. Nc1 a3 49. Qd1 Ne7 50. Qb3 Nd5+ 51. Ke4 c2 52. Nd3 Nc3+ 53. Ke3 Ba4 54. Rxa3 Bxb3 55. Rxb3 Nd5+ 56. Kd2 Be7 57. f4 Nxf4 58. Nxb4 c1Q# 0-1

[Event "ESP-ch 82nd"]
[Site "Las Palmas"]
[Date "2017.10.05"]
[Round "7"]
[White "Castellanos Gomez, Alejandro"]
[Black "Menvielle Laccourreye, Augusto"]
[Result "1-0"]
[WhiteElo "2270"]
[BlackElo "2123"]
[PlyCount "121"]
[EventDate "2017.09.29"]
[EventType "swiss"]
[EventRounds "9"]
[EventCountry "ESP"]
[SourceTitle "CBM 181 Extra"]
[Source "ChessBase"]
[SourceDate "2017.12.12"]
[SourceVersion "1"]
[SourceVersionDate "2017.12.12"]
[SourceQuality "1"]

1. d4 f5 2. c4 Nf6 3. Nc3 d6 4. g3 g6 5. Bg2 Bg7 6. d5 c6 7. Nh3 Bd7 8. 0-0 Na6 9. Rb1 Rc8 10. Be3 c5 11. f3 Nc7 12. Nf4 0-0 13. a3 Qe8 14. Qd2 b6 15. Rfc1 Rd8 16. b4 g5 17. Nd3 h6 18. bxc5 dxc5 19. Nxc5 bxc5 20. Bxc5 Bc8 21. Bxa7 f4 22. Bb6 Qd7 23. Qc2 Rde8 24. Rd1 Na8 25. Bf2 Nc7 26. g4 Ba6 27. Na4 Rb8 28. Nb6 Qd8 29. Qa4 Bc8 30. Qc2 Nd7 31. Na4 Rxb1 32. Qxb1 Rf6 33. Nc3 Ra6 34. Qb3 Qe8 35. Ne4 Qf7 36. h4 gxh4 37. Bxh4 Rb6 38. Qa4 Nf6 39. Nc5 Nfe8 40. Nd3 Bd4+ 41. Kh2 Be3 42. Ne5 Qg7 43. Nd3 e6 44. Nb4 exd5 45. cxd5 Bc5 46. Nd3 Bd6 47. Qc4 Ba6 48. Qe4 Nf6 49. Qa4 Nxg4+ 50. Kh1 Bb5 51. Qe4 Nf6 52. Qd4 Nfxd5 53. Qe4 Be7 54. Bxe7 Qxe7 55. Qd4 Rg6 56. Qf2 Qg5 57. Bh3 Qh5 58. Qh2 Rg3 59. Be6+ Qf7 60. Bxf7+ Kxf7 61. Nxf4 1-0

[Event "Gran Canaria Santana Memorial 5th"]
[Site "Gran Canaria"]
[Date "2017.02.24"]
[Round "7"]
[White "Menvielle Laccourreye, Augusto"]
[Black "Perez Guerra, Raul"]
[Result "1-0"]
[WhiteElo "2118"]
[BlackElo "1940"]
[PlyCount "73"]
[EventDate "2017.02.03"]
[EventType "swiss"]
[EventRounds "7"]
[EventCountry "ESP"]
[SourceTitle "CBM 177 Extra"]
[Source "ChessBase"]
[SourceDate "2017.04.27"]
[SourceVersion "1"]
[SourceVersionDate "2017.04.27"]
[SourceQuality "1"]

1. e4 e6 2. d4 d5 3. e5 c5 4. c3 Nc6 5. Nf3 Qb6 6. a3 Nh6 7. b4 cxd4 8. cxd4 Nf5 9. Bb2 Bd7 10. g4 Nfe7 11. Nc3 h5 12. Na4 Qc7 13. g5 Nf5 14. Rc1 a6 15. Bd3 Be7 16. Nc5 Bc8 17. Qd2 b6 18. Nxa6 Bxa6 19. Bxa6 Rxa6 20. b5 Ra5 21. Rxc6 Qb7 22. Qd3 0-0 23. g6 fxg6 24. 0-0 g5 25. Rfc1 g4 26. Rc7 Qa8 27. Rxe7 Nxe7 28. Ng5 Rf5 29. Nxe6 Qe8 30. Rc7 Qxb5 31. Qc2 Rf7 32. Ng5 g6 33. Nxf7 Kxf7 34. Bc1 Ke6 35. Bg5 Nf5 36. Rc6+ Kd7 37. e6+ 1-0

[Event "Gran Canaria Santana Memorial 5th"]
[Site "Gran Canaria"]
[Date "2017.02.21"]
[Round "6"]
[White "Sanchez Montesdeoca, Isaac"]
[Black "Menvielle Laccourreye, Augusto"]
[Result "0-1"]
[WhiteElo "1757"]
[BlackElo "2118"]
[PlyCount "48"]
[EventDate "2017.02.03"]
[EventType "swiss"]
[EventRounds "7"]
[EventCountry "ESP"]
[SourceTitle "CBM 177 Extra"]
[Source "ChessBase"]
[SourceDate "2017.04.27"]
[SourceVersion "1"]
[SourceVersionDate "2017.04.27"]
[SourceQuality "1"]

1. e4 d6 2. d4 Nf6 3. Nc3 Nbd7 4. Bg5 h6 5. Be3 e5 6. d5 Be7 7. Be2 Nc5 8. f3 Nh7 9. Bf2 f5 10. f4 exf4 11. Bh5+ Kf8 12. Qf3 Ng5 13. Qxf4 Ngxe4 14. Nxe4 Nxe4 15. Nf3 Bg5 16. Nxg5 hxg5 17. Qf3 Nxf2 18. Kxf2 Qf6 19. Rhe1 Bd7 20. Re6 Bxe6 21. dxe6 g6 22. Qxb7 Re8 23. Bf3 Qd4+ 24. Kf1 Rxh2 0-1

[Event "Gran Canaria Santana Memorial 5th"]
[Site "Gran Canaria"]
[Date "2017.02.17"]
[Round "5"]
[White "Menvielle Laccourreye, Augusto"]
[Black "Cruz Pino, Adrian"]
[Result "0-1"]
[WhiteElo "2118"]
[BlackElo "2092"]
[PlyCount "68"]
[EventDate "2017.02.03"]
[EventType "swiss"]
[EventRounds "7"]
[EventCountry "ESP"]
[SourceTitle "CBM 177 Extra"]
[Source "ChessBase"]
[SourceDate "2017.04.27"]
[SourceVersion "1"]
[SourceVersionDate "2017.04.27"]
[SourceQuality "1"]

1. e4 e6 2. d4 d5 3. e5 c5 4. c3 Nc6 5. Nf3 Bd7 6. Be2 Qc7 7. 0-0 f6 8. Re1 fxe5 9. dxe5 0-0-0 10. Bd3 Nh6 11. Qe2 Nf7 12. Bg5 Ne7 13. h4 h6 14. Bf4 g6 15. Nbd2 Rg8 16. Nf1 g5 17. hxg5 hxg5 18. Bg3 Nc6 19. N3h2 Nh6 20. Ne3 Be8 21. f4 gxf4 22. Bxf4 Qg7 23. Nf3 Bh5 24. Bxh6 Qxh6 25. Nf1 Be7 26. N1h2 Rdf8 27. Rf1 c4 28. Bc2 Bg5 29. Kh1 Rh8 30. Ba4 Ne7 31. Bc2 Nf5 32. Bxf5 Rxf5 33. Rad1 Be3 34. Qc2 Bxf3 0-1

[Event "Gran Canaria Cabildo op"]
[Site "Gran Canaria"]
[Date "2016.03.11"]
[Round "8"]
[White "Garcia Blanco, Omar"]
[Black "Menvielle Laccourreye, Augusto"]
[Result "1/2-1/2"]
[WhiteElo "2278"]
[BlackElo "2113"]
[PlyCount "191"]
[EventDate "2016.02.16"]
[EventType "swiss"]
[EventRounds "9"]
[EventCountry "ESP"]
[SourceTitle "CBM 171 Extra"]
[Source "ChessBase"]
[SourceDate "2016.04.26"]
[SourceVersion "1"]
[SourceVersionDate "2016.04.26"]
[SourceQuality "1"]

1. e4 e6 2. d4 d5 3. Nd2 c5 4. Ngf3 cxd4 5. Nxd4 Nc6 6. Nxc6 bxc6 7. Bd3 Nf6 8. 0-0 Be7 9. b3 Nd7 10. Bb2 Bf6 11. Bxf6 Qxf6 12. exd5 cxd5 13. c4 Ne5 14. Be2 0-0 15. cxd5 exd5 16. Nf3 Nxf3+ 17. Bxf3 Be6 18. Qd2 Rfd8 19. Rac1 Rac8 20. Rxc8 Bxc8 21. Rd1 d4 22. Be4 h6 23. h3 Qe5 24. Bd3 Be6 25. Re1 Qc5 26. Rc1 Qa3 27. Rc7 Rd5 28. Rb7 Rd8 29. Rc7 a5 30. h4 Rd5 31. Bc4 Qd6 32. Ra7 Qb8 33. Ra6 Rd6 34. Qf4 Rd8 35. Qxb8 Rxb8 36. Bxe6 fxe6 37. Rxe6 a4 38. Rd6 axb3 39. axb3 Rb4 40. Rd7 h5 41. Kf1 Rxb3 42. Rxd4 Kf7 43. Rd6 Rb2 44. g3 Ra2 45. Kg2 g6 46. Kf3 Rb2 47. Ke3 Rb3+ 48. Ke4 Rb2 49. f3 Rb4+ 50. Ke5 Rb5+ 51. Rd5 Rb7 52. Kf4 Rb3 53. Rc5 Kf6 54. Rc6+ Kf7 55. Rd6 Ra3 56. Ke4 Rb3 57. Rd3 Rb5 58. Rd5 Rb3 59. Kf4 Ra3 60. g4 hxg4 61. Kxg4 Ra1 62. Rd4 Rg1+ 63. Kf4 Kg7 64. Rd5 Kh6 65. Rd8 Re1 66. Kg3 Re5 67. Kh3 g5 68. Kg4 gxh4 69. Kxh4 Kg6 70. Kg4 Kf7 71. Rd6 Ra5 72. Kf4 Rb5 73. Rd4 Ra5 74. Rc4 Rb5 75. Re4 Rb3 76. Kg4 Rb5 77. Kf4 Ra5 78. Re5 Ra4+ 79. Kf5 Ra3 80. f4 Ra6 81. Rb5 Rf6+ 82. Kg5 Rg6+ 83. Kf5 Rf6+ 84. Ke5 Re6+ 85. Kd5 Re7 86. Rb6 Ra7 87. Ke5 Ra5+ 88. Ke4 Ra3 89. Kf5 Ra5+ 90. Kg4 Rc5 91. Rh6 Kg7 92. Ra6 Kf7 93. f5 Rc1 94. Kg5 Rg1+ 95. Kf4 Rf1+ 96. Ke5 1/2-1/2

[Event "Las Palmas Insular-chT Pref"]
[Site "Las Palmas "]
[Date "2016.03.05"]
[Round "13.2"]
[White "Angel Acosta, Juan Carlos"]
[Black "Menvielle Laccourreye, Augusto"]
[Result "0-1"]
[WhiteElo "2148"]
[BlackElo "2113"]
[PlyCount "42"]
[EventDate "2015.10.17"]
[EventType "team-tourn"]
[EventRounds "14"]
[EventCountry "ESP"]
[SourceTitle "EXT 2017"]
[Source "ChessBase"]
[SourceDate "2016.10.25"]
[SourceVersion "1"]
[SourceVersionDate "2016.10.25"]
[SourceQuality "1"]
[WhiteTeam "Univacit Guia"]
[BlackTeam "La Caja de Canarias"]
[WhiteTeamCountry "ESP"]
[BlackTeamCountry "ESP"]

1. d4 f5 2. c4 Nf6 3. Nc3 d6 4. Bg5 Nbd7 5. Qc2 e5 6. dxe5 Nxe5 7. Nd5 Be7 8. Nxe7 Qxe7 9. e3 h6 10. Bxf6 Qxf6 11. Ne2 Qf7 12. Rc1 Bd7 13. Nf4 g5 14. Nd5 0-0-0 15. f3 c6 16. Nc3 Rhe8 17. Kf2 Kb8 18. b3 f4 19. e4 g4 20. Qd2 Qf6 21. Ne2 gxf3 0-1

[Event "Las Palmas Insular-chT Pref"]
[Site "Las Palmas "]
[Date "2015.12.19"]
[Round "7.2"]
[White "Garcia Blanco, Omar"]
[Black "Menvielle Laccourreye, Augusto"]
[Result "1-0"]
[WhiteElo "2255"]
[BlackElo "2102"]
[PlyCount "57"]
[EventDate "2015.10.17"]
[EventType "team-tourn"]
[EventRounds "14"]
[EventCountry "ESP"]
[SourceTitle "CBM 170 Extra"]
[Source "ChessBase"]
[SourceDate "2016.02.25"]
[SourceVersion "1"]
[SourceVersionDate "2016.02.25"]
[SourceQuality "1"]
[WhiteTeam "Hotel Avda de Canarias"]
[BlackTeam "La Caja de Canarias"]
[WhiteTeamCountry "ESP"]
[BlackTeamCountry "ESP"]

1. e4 e5 2. Nf3 d6 3. d4 exd4 4. Nxd4 Nf6 5. Nc3 Be7 6. f3 0-0 7. Be3 Re8 8. Qd2 Bf8 9. 0-0-0 a6 10. g4 c5 11. Nf5 Bxf5 12. gxf5 Nc6 13. Bg5 Be7 14. Rg1 Kh8 15. Qg2 Rg8 16. f4 Nd4 17. Qh3 b5 18. Rg3 g6 19. Qh4 Rg7 20. Rxd4 cxd4 21. e5 dxe5 22. fxe5 dxc3 23. Rd3 Qa5 24. exf6 Qxa2 25. bxc3 Qa1+ 26. Kd2 Qxf1 27. fxg7+ Kxg7 28. Bh6+ Kg8 29. Qxe7 1-0

[Event "Las Palmas Insular-chT Pref"]
[Site "Las Palmas "]
[Date "2015.11.28"]
[Round "4.2"]
[White "Menvielle Laccourreye, Augusto"]
[Black "Marrero Cardenes, Agustin"]
[Result "1-0"]
[WhiteElo "2102"]
[BlackElo "2027"]
[PlyCount "61"]
[EventDate "2015.10.17"]
[EventType "team-tourn"]
[EventRounds "14"]
[EventCountry "ESP"]
[SourceTitle "CBM 170 Extra"]
[Source "ChessBase"]
[SourceDate "2016.02.25"]
[SourceVersion "1"]
[SourceVersionDate "2016.02.25"]
[SourceQuality "1"]
[WhiteTeam "La Caja de Canarias"]
[BlackTeam "Real Club Victoria"]
[WhiteTeamCountry "ESP"]
[BlackTeamCountry "ESP"]

1. e4 c6 2. d4 d5 3. f3 dxe4 4. fxe4 e5 5. Nf3 Bg4 6. Bc4 Bxf3 7. Qxf3 Nf6 8. dxe5 Qa5+ 9. Nc3 Qxe5 10. Bf4 Qc5 11. Bb3 Nbd7 12. 0-0-0 Ne5 13. Qe2 Be7 14. Nd5 cxd5 15. Bxe5 0-0 16. exd5 Rfd8 17. Bd4 Qc7 18. Qf3 a5 19. a4 Rd7 20. Kb1 Ne8 21. Qxf7+ Kxf7 22. d6+ Kf8 23. dxc7 Rxc7 24. Rhf1+ Nf6 25. g4 h6 26. h4 Ke8 27. g5 hxg5 28. hxg5 Nh7 29. Bf7+ Kf8 30. Bc4+ Ke8 31. Bb5+ 1-0

[Event "Gran Canaria Larsen Memorial 1st"]
[Site "Gran Canaria"]
[Date "2015.09.16"]
[Round "4"]
[White "Menvielle Laccourreye, Augusto"]
[Black "Garcia Blanco, Omar"]
[Result "1/2-1/2"]
[WhiteElo "2117"]
[BlackElo "2253"]
[PlyCount "148"]
[EventDate "2015.09.09"]
[EventType "swiss"]
[EventRounds "7"]
[EventCountry "ESP"]
[SourceTitle "EXT 2016"]
[Source "ChessBase"]
[SourceDate "2015.10.08"]
[SourceVersion "1"]
[SourceVersionDate "2015.10.08"]
[SourceQuality "1"]

1. e4 c5 2. Nf3 e6 3. c3 Nf6 4. d3 d5 5. Nbd2 Nc6 6. Be2 Be7 7. 0-0 b6 8. Re1 Bb7 9. Bf1 Qc7 10. Qe2 h6 11. b3 g5 12. h3 0-0-0 13. e5 Nd7 14. d4 h5 15. Bb2 g4 16. hxg4 hxg4 17. Nh2 f5 18. g3 Rh5 19. Bg2 Rdh8 20. Nhf1 Qd8 21. f3 gxf3 22. Nxf3 Qg8 23. Bc1 cxd4 24. cxd4 Bb4 25. Bd2 Qg4 26. Rac1 Bxd2 27. Qxd2 Kb8 28. Rc2 Ka8 29. Rec1 Ndb8 30. b4 Ba6 31. Rxc6 Nxc6 32. Rxc6 Bxf1 33. Kxf1 Qxg3 34. Qc3 Kb8 35. Ng1 Qf4+ 36. Qf3 Qxd4 37. Rxe6 Rh4 38. Ne2 Qd1+ 39. Kf2 Re4 40. Rg6 Rxe5 41. Bf1 Rhe8 42. Rg2 Qc2 43. Qf4 Qxa2 44. Rg8 Kb7 45. Rxe8 Rxe8 46. Qxf5 Re7 47. Qf6 Rc7 48. Bg2 Qc4 49. Qd6 Rf7+ 50. Kg1 Rg7 51. Nf4 Qc1+ 52. Kh2 Rh7+ 53. Kg3 Qc3+ 54. Kg4 Rg7+ 55. Kh5 Rxg2 56. Qxd5+ Qc6 57. Qxg2 Qxg2 58. Nxg2 Kc6 59. Kg4 Kb5 60. Kf3 Kxb4 61. Ke2 Kc3 62. Ne3 b5 63. Nd5+ Kc2 64. Nb4+ Kb3 65. Na6 Ka4 66. Kd3 Ka5 67. Nc7 b4 68. Kc2 Ka4 69. Kb2 a5 70. Ka2 b3+ 71. Kb2 Kb4 72. Nd5+ Kc4 73. Nc3 Kb4 74. Nb1 a4 1/2-1/2

[Event "Gran Canaria-ch Seniors"]
[Site "Gran Canaria"]
[Date "2015.05.12"]
[Round "4"]
[White "Menvielle Laccourreye, Augusto"]
[Black "Sanchez Quintero, Raul"]
[Result "1-0"]
[WhiteElo "2134"]
[BlackElo "2050"]
[PlyCount "57"]
[EventDate "2015.04.28"]
[EventType "swiss"]
[EventRounds "6"]
[EventCountry "ESP"]
[SourceTitle "CBM 166 Extra"]
[Source "ChessBase"]
[SourceDate "2015.06.18"]
[SourceVersion "1"]
[SourceVersionDate "2015.06.18"]
[SourceQuality "1"]

1. e4 c5 2. Nf3 Nc6 3. Bb5 a6 4. Bxc6 bxc6 5. 0-0 d6 6. d3 e5 7. Nbd2 Nf6 8. Nc4 Be7 9. Qe1 0-0 10. Bd2 Be6 11. Ne3 Rb8 12. b3 g6 13. Ng5 Nh5 14. Nxe6 fxe6 15. Ba5 Qd7 16. Ng4 Bg5 17. g3 Kh8 18. h4 Bd8 19. Bd2 Rb7 20. Bh6 Rf7 21. Rd1 Nf6 22. Qe2 Nxg4 23. Qxg4 Ba5 24. h5 gxh5 25. Qxh5 Rb8 26. Kg2 Rg8 27. Rh1 Bc3 28. Rdf1 Rg6 29. Bd2 1-0

[Event "Gran Canaria-ch Seniors"]
[Site "Gran Canaria"]
[Date "2015.05.07"]
[Round "3"]
[White "Padron Pulido, Pedro Gabino"]
[Black "Menvielle Laccourreye, Augusto"]
[Result "0-1"]
[WhiteElo "2010"]
[BlackElo "2134"]
[PlyCount "64"]
[EventDate "2015.04.28"]
[EventType "swiss"]
[EventRounds "6"]
[EventCountry "ESP"]
[SourceTitle "CBM 166 Extra"]
[Source "ChessBase"]
[SourceDate "2015.06.18"]
[SourceVersion "1"]
[SourceVersionDate "2015.06.18"]
[SourceQuality "1"]

1. e4 d6 2. d4 Nf6 3. Nc3 Nbd7 4. Nf3 e5 5. dxe5 dxe5 6. Bc4 Bc5 7. Bg5 0-0 8. 0-0 c6 9. a4 h6 10. Bh4 Qc7 11. Nd2 Be7 12. Qe2 Nc5 13. f4 Bg4 14. Qe1 Be6 15. f5 Bxc4 16. Nxc4 Rad8 17. Bg3 Ncd7 18. Rd1 Bb4 19. Bh4 Rc8 20. Bxf6 Nxf6 21. Qh4 Bxc3 22. bxc3 b5 23. Ne3 Qb6 24. Rde1 bxa4 25. Kh1 a3 26. g4 a2 27. Nc4 Qc5 28. g5 hxg5 29. Qxg5 Nh7 30. Qh4 f6 31. Ne3 Qxc3 32. Rg1 a1Q 0-1

[Event "Gran Canaria-ch Seniors"]
[Site "Gran Canaria"]
[Date "2015.04.28"]
[Round "1"]
[White "Fernandez de la Hoz A, Carlos"]
[Black "Menvielle Laccourreye, Augusto"]
[Result "0-1"]
[WhiteElo "1727"]
[BlackElo "2134"]
[PlyCount "56"]
[EventDate "2015.04.28"]
[EventType "swiss"]
[EventRounds "6"]
[EventCountry "ESP"]
[SourceTitle "CBM 166 Extra"]
[Source "ChessBase"]
[SourceDate "2015.06.18"]
[SourceVersion "1"]
[SourceVersionDate "2015.06.18"]
[SourceQuality "1"]

1. Nf3 f5 2. d3 d6 3. g3 Nf6 4. Bg2 g6 5. c3 Bg7 6. Qb3 c6 7. 0-0 e5 8. Ng5 Qe7 9. d4 e4 10. Nh3 Be6 11. Qc2 Nbd7 12. b4 0-0 13. a4 Nd5 14. Ng5 c5 15. Nxe6 Qxe6 16. dxc5 dxc5 17. b5 Ne5 18. Na3 Nxc3 19. Bb2 Nd5 20. Rab1 Rac8 21. Bh3 Qf7 22. Rfd1 c4 23. Bxe5 Bxe5 24. Qa2 Nc3 25. Qc2 Nxb1 26. Rxb1 c3 27. e3 Rfd8 28. Bf1 Rd2 0-1

[Event "Las Palmas Insular-chT Pref"]
[Site "Las Palmas"]
[Date "2015.02.28"]
[Round "8.3"]
[White "Henriquez Garcia, David"]
[Black "Menvielle Laccourreye, Augusto"]
[Result "0-1"]
[WhiteElo "1981"]
[BlackElo "2138"]
[PlyCount "64"]
[EventDate "2014.11.22"]
[EventType "team-tourn"]
[EventRounds "14"]
[EventCountry "ESP"]
[SourceTitle "EXT 2016"]
[Source "ChessBase"]
[SourceDate "2015.10.08"]
[SourceVersion "1"]
[SourceVersionDate "2015.10.08"]
[SourceQuality "1"]
[WhiteTeam "Anand Iberia"]
[BlackTeam "La Caja de Canarias"]
[WhiteTeamCountry "ESP"]
[BlackTeamCountry "ESP"]

1. d4 f5 2. b3 Nf6 3. Bb2 g6 4. g3 Bg7 5. Bg2 0-0 6. Nh3 d6 7. 0-0 c6 8. Nd2 Qc7 9. e4 fxe4 10. Nf4 Nd5 11. Nxd5 cxd5 12. c4 Nc6 13. cxd5 Nxd4 14. Bxd4 Bxd4 15. Rc1 Qb6 16. Nxe4 Bf5 17. Qd2 Rac8 18. Nc3 Qb4 19. Ne4 Qxd2 20. Nxd2 Bd3 21. Rxc8 Rxc8 22. Rd1 Rc2 23. Be4 Bxf2+ 24. Kxf2 Bxe4 25. Ke3 Bxd5 26. Kd3 Rxa2 27. Rc1 Kf7 28. h3 a5 29. Rc3 b5 30. Rc1 b4 31. Rf1+ Ke8 32. Rf4 Rb2 0-1

[Event "Las Palmas Insular-chT Pref"]
[Site "Las Palmas"]
[Date "2015.01.31"]
[Round "6.3"]
[White "Menvielle Laccourreye, Augusto"]
[Black "Gutierrez Olivares, Daniel"]
[Result "0-1"]
[WhiteElo "2138"]
[BlackElo "2296"]
[PlyCount "82"]
[EventDate "2014.11.22"]
[EventType "team-tourn"]
[EventRounds "14"]
[EventCountry "ESP"]
[SourceTitle "EXT 2016"]
[Source "ChessBase"]
[SourceDate "2015.10.08"]
[SourceVersion "1"]
[SourceVersionDate "2015.10.08"]
[SourceQuality "1"]
[WhiteTeam "La Caja de Canarias"]
[BlackTeam "Villa de Teror Goya"]
[WhiteTeamCountry "ESP"]
[BlackTeamCountry "ESP"]

1. Nf3 Nf6 2. b4 e6 3. a3 b6 4. Bb2 Bb7 5. e3 c5 6. b5 Be7 7. Be2 0-0 8. 0-0 d6 9. c4 Nbd7 10. Nc3 Re8 11. a4 Qc7 12. Rc1 e5 13. Qc2 Bf8 14. Ng5 g6 15. Bf3 Bxf3 16. Nxf3 Bh6 17. d3 Qb7 18. Nd2 d5 19. cxd5 Nxd5 20. Nxd5 Qxd5 21. Nc4 Rad8 22. Rcd1 Re6 23. a5 Bg7 24. axb6 axb6 25. Ra1 Nf8 26. Rfd1 h5 27. Ra6 Qb7 28. Bc3 g5 29. Qa2 g4 30. Ra7 Qd5 31. Rd2 Rb8 32. Qa1 Ng6 33. Qf1 Nh4 34. e4 Qd8 35. Rda2 Ng6 36. g3 Qe8 37. Rb2 Ra8 38. Qa1 Rxa7 39. Qxa7 Qd8 40. Qb7 Qxd3 41. Nxe5 Bxe5 0-1

[Event "Las Palmas Centro Goya op"]
[Site "Las Palmas"]
[Date "2014.12.08"]
[Round "9"]
[White "Gleizerov, Evgeny"]
[Black "Menvielle Laccourreye, Augusto"]
[Result "1-0"]
[WhiteElo "2536"]
[BlackElo "2138"]
[PlyCount "61"]
[EventDate "2014.12.01"]
[EventType "swiss"]
[EventRounds "9"]
[EventCountry "ESP"]
[SourceTitle "CBM 163 Extra"]
[Source "ChessBase"]
[SourceDate "2014.12.23"]
[SourceVersion "1"]
[SourceVersionDate "2014.12.23"]
[SourceQuality "1"]

1. d4 d6 2. c4 g6 3. e4 Bg7 4. Nc3 Nf6 5. Nf3 0-0 6. Be2 Bg4 7. Be3 c6 8. Nd2 Bxe2 9. Qxe2 Nbd7 10. 0-0 Qc7 11. f4 e5 12. fxe5 dxe5 13. d5 a6 14. Rac1 c5 15. Bg5 h6 16. Bh4 Qd6 17. Rf3 Nh7 18. Rcf1 Bf6 19. Bxf6 Nhxf6 20. Qf2 Kg7 21. Nd1 Qe7 22. Ne3 Ne8 23. h4 Nd6 24. h5 Qg5 25. Nf5+ Nxf5 26. exf5 Nf6 27. fxg6 fxg6 28. Ne4 Nxe4 29. Rf7+ Rxf7 30. Qxf7+ Kh8 31. hxg6 1-0